[Event "DEM U18 2021"]
[Site "Willingen GER"]
[Date "2021.08.26"]
[Round "5"]
[White "Wander, Dennis"]
[Black "Zackrisson, Peter"]
[Result "0-1"]
[Termination "normal"]
[Board "11"]
[WhiteElo "1610"]
[BlackElo "1965"]
[WhiteClock "00:46:58"]
[BlackClock "00:31:45"]
[PlyCount "62"]
[WhiteFideId "16276523"]
[BlackFideId "16282078"]
[EventCountry "GER"]
[EventRounds "9"]
[EventType "swiss"]
[EventDate "2021.08.22"]

1. e4 {[%clk 1:30:57]} c5 {[%clk 1:30:55]} 2. Nf3 {[%clk 1:31:21]} d6 {[%clk
1:31:17]} 3. d4 {[%clk 1:31:46]} cxd4 {[%clk 1:31:41]} 4. Nxd4 {[%clk 1:32:12]}
Nf6 {[%clk 1:32:02]} 5. Nc3 {[%clk 1:32:37]} a6 {[%clk 1:32:26]} 6. Rg1 {[%clk
1:33:00]} e5 {[%clk 1:32:32]} 7. Nb3 {[%clk 1:33:22]} h5 {[%clk 1:32:53]} 8.
Bg5 {[%clk 1:31:25]} Be7 {[%clk 1:27:25]} 9. Qd2 {[%clk 1:29:21]} b5 {[%clk
1:23:12]} 10. a3 {[%clk 1:28:30]} Be6 {[%clk 1:21:33]} 11. Bxf6 {[%clk
1:22:04]} Bxf6 {[%clk 1:21:18]} 12. Nd5 {[%clk 1:22:13]} Nd7 {[%clk 1:20:27]}
13. Nxf6+ {[%clk 1:21:00]} Nxf6 {[%clk 1:20:44]} 14. f3 {[%clk 1:15:54]} Rc8
{[%clk 1:19:44]} 15. Bd3 {[%clk 1:13:44]} Nd7 {[%clk 1:13:49]} 16. g3 {[%clk
1:09:03]} Qf6 {[%clk 1:02:07]} 17. Kf2 {[%clk 1:06:22]} Bxb3 {[%clk 0:49:16]}
18. cxb3 {[%clk 1:06:42]} Nc5 {[%clk 0:49:32]} 19. Rac1 {[%clk 1:06:17]} Ke7
{[%clk 0:49:38]} 20. Rc3 {[%clk 1:05:24]} g5 {[%clk 0:37:31]} 21. b4 {[%clk
1:01:02]} Ne6 {[%clk 0:37:52]} 22. Rgc1 {[%clk 1:00:02]} Rxc3 {[%clk 0:37:34]}
23. Rxc3 {[%clk 1:00:15]} g4 {[%clk 0:37:27]} 24. Be2 {[%clk 1:00:15]} h4
{[%clk 0:36:44]} 25. Kg2 {[%clk 0:58:29]} hxg3 {[%clk 0:33:37]} 26. hxg3 {[%clk
0:56:39]} Qg6 {[%clk 0:33:39]} 27. fxg4 {[%clk 0:49:41]} Qh7 {[%clk 0:32:25]}
28. Qe1 {[%clk 0:47:38]} Qxe4+ {[%clk 0:31:26]} 29. Rf3 {[%clk 0:47:13]} Nd4
{[%clk 0:31:40]} 30. Qc3 {[%clk 0:46:40]} Qxe2+ {[%clk 0:31:48]} 31. Rf2 {[%clk
0:46:58]} Qe4+ {[%clk 0:31:45]} 0-1

[Event "DEM U18 2021"]
[Site "Willingen GER"]
[Date "2021.08.26"]
[Round "5"]
[White "Bethke, Robert"]
[Black "Biermann, Lenhard"]
[Result "1/2-1/2"]
[Termination "normal"]
[Board "12"]
[WhiteElo "2100"]
[BlackElo "2160"]
[WhiteClock "01:22:21"]
[BlackClock "00:35:58"]
[PlyCount "38"]
[WhiteFideId "12959251"]
[BlackFideId "12970077"]
[EventCountry "GER"]
[EventRounds "9"]
[EventType "swiss"]
[EventDate "2021.08.22"]

1. e4 {[%clk 1:30:59]} e6 {[%clk 1:30:55]} 2. d4 {[%clk 1:31:26]} d5 {[%clk
1:31:20]} 3. e5 {[%clk 1:31:54]} c5 {[%clk 1:31:41]} 4. c3 {[%clk 1:32:22]} Nc6
{[%clk 1:31:00]} 5. Nf3 {[%clk 1:32:42]} Bd7 {[%clk 1:29:31]} 6. a3 {[%clk
1:31:05]} f6 {[%clk 1:27:27]} 7. Bd3 {[%clk 1:29:26]} Qc7 {[%clk 1:07:00]} 8.
Bf4 {[%clk 1:26:47]} O-O-O {[%clk 1:04:20]} 9. Bg3 {[%clk 1:26:30]} Qb6 {[%clk
1:04:15]} 10. Qc2 {[%clk 1:25:43]} c4 {[%clk 1:03:28]} 11. Be2 {[%clk 1:23:01]}
Na5 {[%clk 0:56:42]} 12. Nbd2 {[%clk 1:23:06]} Be8 {[%clk 0:56:09]} 13. exf6
{[%clk 1:22:07]} gxf6 {[%clk 0:50:01]} 14. Bd1 {[%clk 1:21:58]} Bg6 {[%clk
0:48:45]} 15. Qa4 {[%clk 1:20:51]} Be8 {[%clk 0:39:47]} 16. Qc2 {[%clk
1:21:17]} Bg6 {[%clk 0:39:07]} 17. Qa4 {[%clk 1:21:41]} Be8 {[%clk 0:35:12]}
18. Qc2 {[%clk 1:21:56]} Bg6 {[%clk 0:35:36]} 19. Qa4 {[%clk 1:22:21]} Be8
{[%clk 0:35:58]} 1/2-1/2

[Event "DEM U18 2021"]
[Site "Willingen GER"]
[Date "2021.08.26"]
[Round "5"]
[White "Unbehend, Marius"]
[Black "Geltz, Noah"]
[Result "0-1"]
[Termination "normal"]
[Board "13"]
[WhiteElo "1572"]
[BlackElo "2048"]
[WhiteClock "00:21:12"]
[BlackClock "00:45:08"]
[PlyCount "112"]
[WhiteFideId "16214420"]
[BlackFideId "16224256"]
[EventCountry "GER"]
[EventRounds "9"]
[EventType "swiss"]
[EventDate "2021.08.22"]

1. e4 {[%clk 1:30:59]} c5 {[%clk 1:30:56]} 2. d4 {[%clk 1:31:21]} cxd4 {[%clk
1:31:18]} 3. c3 {[%clk 1:31:47]} Nf6 {[%clk 1:31:19]} 4. e5 {[%clk 1:32:11]}
Nd5 {[%clk 1:31:42]} 5. Nf3 {[%clk 1:32:35]} Nc6 {[%clk 1:31:57]} 6. Bc4 {[%clk
1:32:51]} Nb6 {[%clk 1:29:48]} 7. Bb3 {[%clk 1:33:09]} d6 {[%clk 1:29:20]} 8.
exd6 {[%clk 1:30:13]} Qxd6 {[%clk 1:28:26]} 9. O-O {[%clk 1:27:29]} Bf5 {[%clk
1:23:04]} 10. cxd4 {[%clk 1:15:32]} Bxb1 {[%clk 1:12:42]} 11. Rxb1 {[%clk
1:15:14]} e6 {[%clk 1:09:40]} 12. Qe2 {[%clk 1:03:51]} Be7 {[%clk 1:07:11]} 13.
Rd1 {[%clk 1:02:07]} O-O {[%clk 1:01:00]} 14. Be3 {[%clk 0:58:58]} Rfd8 {[%clk
0:50:13]} 15. Ne5 {[%clk 0:53:41]} Nd5 {[%clk 0:47:05]} 16. Nxc6 {[%clk
0:43:18]} Qxc6 {[%clk 0:46:14]} 17. Rbc1 {[%clk 0:42:43]} Qd7 {[%clk 0:45:03]}
18. Qf3 {[%clk 0:33:54]} b5 {[%clk 0:40:57]} 19. Bxd5 {[%clk 0:29:45]} Qxd5
{[%clk 0:39:43]} 20. Qxd5 {[%clk 0:23:35]} Rxd5 {[%clk 0:40:09]} 21. Kf1 {[%clk
0:22:56]} Bf6 {[%clk 0:37:47]} 22. Ke2 {[%clk 0:19:31]} Rad8 {[%clk 0:31:23]}
23. Rc5 {[%clk 0:15:49]} a6 {[%clk 0:28:24]} 24. b3 {[%clk 0:10:18]} R5d6
{[%clk 0:27:05]} 25. f4 {[%clk 0:05:16]} g6 {[%clk 0:24:54]} 26. a4 {[%clk
0:02:16]} bxa4 {[%clk 0:23:39]} 27. bxa4 {[%clk 0:02:42]} Bxd4 {[%clk 0:23:19]}
28. Rxd4 {[%clk 0:03:02]} Rxd4 {[%clk 0:23:45]} 29. Bxd4 {[%clk 0:03:28]} Rxd4
{[%clk 0:24:11]} 30. Ra5 {[%clk 0:03:51]} Rd6 {[%clk 0:23:51]} 31. Rc5 {[%clk
0:02:53]} h5 {[%clk 0:23:03]} 32. Ke3 {[%clk 0:01:48]} Kg7 {[%clk 0:22:09]} 33.
h4 {[%clk 0:01:33]} Kf6 {[%clk 0:21:32]} 34. Ke4 {[%clk 0:01:42]} Rd2 {[%clk
0:20:41]} 35. g3 {[%clk 0:02:03]} Ra2 {[%clk 0:21:04]} 36. Ra5 {[%clk 0:02:27]}
Ra3 {[%clk 0:21:24]} 37. Rxa6 {[%clk 0:02:44]} Rxg3 {[%clk 0:21:42]} 38. a5
{[%clk 0:02:43]} Rh3 {[%clk 0:17:43]} 39. Rb6 {[%clk 0:02:11]} Rxh4 {[%clk
0:17:35]} 40. Rb3 {[%clk 0:02:29]} Rh1 {[%clk 0:14:11]} 41. Ra3 {[%clk
0:02:43]} Rc1 {[%clk 0:13:31]} 42. a6 {[%clk 0:03:03]} Rc8 {[%clk 0:13:55]} 43.
a7 {[%clk 0:03:19]} Ra8 {[%clk 0:14:20]} 44. Ra5 {[%clk 0:00:59]} Ke7 {[%clk
0:12:01]} 45. Ke5 {[%clk 0:27:25]} h4 {[%clk 0:42:15]} 46. Ke4 {[%clk 0:21:37]}
h3 {[%clk 0:42:36]} 47. Kf3 {[%clk 0:22:02]} h2 {[%clk 0:43:00]} 48. Kg2 {[%clk
0:22:29]} Kd6 {[%clk 0:43:26]} 49. Kxh2 {[%clk 0:22:16]} Kc6 {[%clk 0:43:45]}
50. Ra1 {[%clk 0:21:24]} Kb7 {[%clk 0:43:39]} 51. Kg3 {[%clk 0:19:54]} Rxa7
{[%clk 0:43:04]} 52. Rxa7+ {[%clk 0:19:54]} Kxa7 {[%clk 0:43:30]} 53. Kg4
{[%clk 0:20:10]} f6 {[%clk 0:43:55]} 54. Kf3 {[%clk 0:20:33]} Kb6 {[%clk
0:44:20]} 55. Ke4 {[%clk 0:20:53]} Kc5 {[%clk 0:44:44]} 56. Kf3 {[%clk
0:21:12]} Kd4 {[%clk 0:45:08]} 0-1

[Event "DEM U18 2021"]
[Site "Willingen GER"]
[Date "2021.08.26"]
[Round "5"]
[White "Mooser, Nicolas"]
[Black "Mankel, Luca"]
[Result "1-0"]
[Termination "normal"]
[Board "14"]
[WhiteElo "2107"]
[BlackElo "1916"]
[WhiteClock "00:34:14"]
[BlackClock "01:00:25"]
[PlyCount "41"]
[WhiteFideId "12979406"]
[BlackFideId "16253876"]
[EventCountry "GER"]
[EventRounds "9"]
[EventType "swiss"]
[EventDate "2021.08.22"]

1. d4 {[%clk 1:30:57]} d5 {[%clk 1:30:57]} 2. c4 {[%clk 1:31:20]} e6 {[%clk
1:31:23]} 3. g3 {[%clk 1:31:25]} Nf6 {[%clk 1:31:37]} 4. Nf3 {[%clk 1:31:36]}
Be7 {[%clk 1:32:02]} 5. Bg2 {[%clk 1:31:41]} O-O {[%clk 1:32:26]} 6. O-O {[%clk
1:31:56]} dxc4 {[%clk 1:32:41]} 7. Qc2 {[%clk 1:30:12]} a6 {[%clk 1:33:07]} 8.
Qxc4 {[%clk 1:24:24]} b5 {[%clk 1:33:31]} 9. Qc2 {[%clk 1:23:48]} Bb7 {[%clk
1:33:54]} 10. a3 {[%clk 1:22:55]} Nbd7 {[%clk 1:28:55]} 11. b4 {[%clk 1:00:35]}
a5 {[%clk 1:24:36]} 12. bxa5 {[%clk 0:58:21]} c5 {[%clk 1:23:30]} 13. dxc5
{[%clk 0:54:44]} Nxc5 {[%clk 1:17:00]} 14. Bd2 {[%clk 0:43:25]} Nfe4 {[%clk
1:10:49]} 15. Bb4 {[%clk 0:35:08]} Bf6 {[%clk 1:07:21]} 16. Nc3 {[%clk
0:34:42]} Bxc3 {[%clk 1:06:40]} 17. Bxc3 {[%clk 0:35:03]} Nxc3 {[%clk 1:07:05]}
18. Qxc3 {[%clk 0:35:22]} Na4 {[%clk 1:07:11]} 19. Qc2 {[%clk 0:34:49]} Qxa5
{[%clk 1:07:23]} 20. Ng5 {[%clk 0:34:14]} Bxg2 {[%clk 1:00:25]} 21. Qxh7# 1-0

[Event "DEM U18 2021"]
[Site "Willingen GER"]
[Date "2021.08.26"]
[Round "6"]
[White "Kölle, Tobias"]
[Black "Suvorov, Alexander"]
[Result "1/2-1/2"]
[Termination "normal"]
[Board "1"]
[WhiteTitle "FM"]
[BlackTitle "FM"]
[WhiteElo "2312"]
[BlackElo "2333"]
[WhiteClock "00:19:45"]
[BlackClock "00:05:43"]
[PlyCount "66"]
[WhiteFideId "16207378"]
[BlackFideId "12977063"]
[EventCountry "GER"]
[EventRounds "9"]
[EventType "swiss"]
[EventDate "2021.08.22"]

1. d4 {[%clk 1:30:57]} Nf6 {[%clk 1:30:43]} 2. c4 {[%clk 1:31:21]} e6 {[%clk
1:31:06]} 3. Nf3 {[%clk 1:31:46]} d5 {[%clk 1:31:22]} 4. Nc3 {[%clk 1:32:10]}
Bb4 {[%clk 1:31:33]} 5. Bg5 {[%clk 1:32:34]} h6 {[%clk 1:31:49]} 6. Bxf6 {[%clk
1:32:58]} Qxf6 {[%clk 1:32:08]} 7. Qa4+ {[%clk 1:33:19]} Nc6 {[%clk 1:32:25]}
8. e3 {[%clk 1:33:37]} O-O {[%clk 1:32:16]} 9. Rc1 {[%clk 1:33:54]} Rd8 {[%clk
1:28:31]} 10. Be2 {[%clk 1:34:15]} Bd7 {[%clk 1:26:26]} 11. cxd5 {[%clk
1:32:38]} exd5 {[%clk 1:24:28]} 12. a3 {[%clk 1:30:01]} Bxc3+ {[%clk 1:20:48]}
13. Rxc3 {[%clk 1:29:19]} Qd6 {[%clk 1:12:36]} 14. Qc2 {[%clk 1:26:03]} Rdc8
{[%clk 1:09:20]} 15. O-O {[%clk 1:25:40]} Ne7 {[%clk 1:07:46]} 16. Bd3 {[%clk
1:24:25]} c6 {[%clk 1:01:32]} 17. h3 {[%clk 1:12:02]} Qf6 {[%clk 0:53:58]} 18.
Ne5 {[%clk 1:10:00]} Bf5 {[%clk 0:51:59]} 19. b4 {[%clk 1:06:48]} a6 {[%clk
0:40:06]} 20. a4 {[%clk 1:01:18]} Bxd3 {[%clk 0:22:54]} 21. Nxd3 {[%clk
1:00:53]} Qf5 {[%clk 0:18:02]} 22. Rc1 {[%clk 0:59:32]} Rab8 {[%clk 0:11:50]}
23. Qb3 {[%clk 0:57:33]} Qd7 {[%clk 0:11:35]} 24. Nc5 {[%clk 0:56:46]} Qe8
{[%clk 0:10:59]} 25. Qb1 {[%clk 0:56:50]} g6 {[%clk 0:10:25]} 26. g4 {[%clk
0:44:16]} Kg7 {[%clk 0:08:24]} 27. Rb3 {[%clk 0:41:41]} Ng8 {[%clk 0:06:57]}
28. b5 {[%clk 0:34:35]} axb5 {[%clk 0:07:23]} 29. axb5 {[%clk 0:34:57]} Nf6
{[%clk 0:07:40]} 30. bxc6 {[%clk 0:23:51]} bxc6 {[%clk 0:08:09]} 31. Rxb8
{[%clk 0:21:56]} Rxb8 {[%clk 0:08:38]} 32. Qc2 {[%clk 0:22:11]} Qe7 {[%clk
0:06:09]} 33. Rb1 {[%clk 0:19:45]} Rxb1+ {[%clk 0:05:43]} 1/2-1/2

[Event "DEM U18 2021"]
[Site "Willingen GER"]
[Date "2021.08.26"]
[Round "6"]
[White "Dahl, Christoph"]
[Black "Richter, Nils"]
[Result "1/2-1/2"]
[Termination "normal"]
[Board "2"]
[BlackTitle "FM"]
[WhiteElo "2284"]
[BlackElo "2292"]
[WhiteClock "01:12:39"]
[BlackClock "00:08:55"]
[PlyCount "154"]
[WhiteFideId "16240235"]
[BlackFideId "12990809"]
[EventCountry "GER"]
[EventRounds "9"]
[EventType "swiss"]
[EventDate "2021.08.22"]

1. e4 {[%clk 1:30:58]} c6 {[%clk 1:30:55]} 2. Nc3 {[%clk 1:30:59]} d5 {[%clk
1:31:17]} 3. Nf3 {[%clk 1:30:51]} dxe4 {[%clk 1:31:35]} 4. Nxe4 {[%clk
1:31:05]} Nf6 {[%clk 1:31:56]} 5. Qe2 {[%clk 1:30:23]} Nxe4 {[%clk 1:32:18]} 6.
Qxe4 {[%clk 1:30:48]} Qa5 {[%clk 1:32:39]} 7. Bc4 {[%clk 1:30:14]} Bf5 {[%clk
1:31:39]} 8. Qf4 {[%clk 1:29:07]} e6 9. O-O {[%clk 1:27:35]} Be7 {[%clk
1:31:41]} 10. d3 {[%clk 1:26:36]} Qd8 11. Be3 {[%clk 1:20:19]} O-O {[%clk
1:27:19]} 12. Bd4 {[%clk 1:18:22]} Nd7 13. a4 {[%clk 1:16:45]} Nb6 {[%clk
1:19:58]} 14. Bb3 {[%clk 1:12:59]} Nd5 {[%clk 1:15:42]} 15. Qg3 {[%clk
1:12:16]} Bg6 {[%clk 1:15:02]} 16. Rfe1 {[%clk 1:09:55]} Re8 {[%clk 0:56:17]}
17. Ne5 {[%clk 1:04:31]} Bd6 {[%clk 0:52:10]} 18. f4 {[%clk 1:03:26]} c5 {[%clk
0:49:26]} 19. Nxg6 {[%clk 1:02:29]} hxg6 {[%clk 0:39:40]} 20. Be5 {[%clk
1:02:04]} Bxe5 {[%clk 0:38:16]} 21. Rxe5 {[%clk 1:02:03]} Ne7 {[%clk 0:35:32]}
22. Qe3 {[%clk 1:00:06]} Qd4 {[%clk 0:34:02]} 23. Qxd4 {[%clk 0:59:19]} cxd4
{[%clk 0:34:30]} 24. a5 {[%clk 0:58:52]} Rac8 {[%clk 0:32:34]} 25. Ra4 {[%clk
0:57:30]} Nc6 {[%clk 0:26:15]} 26. Rc5 {[%clk 0:56:46]} b6 {[%clk 0:18:09]} 27.
axb6 {[%clk 0:56:55]} axb6 {[%clk 0:18:38]} 28. Rb5 {[%clk 0:56:52]} Na5 {[%clk
0:18:08]} 29. Rxb6 {[%clk 0:56:01]} Nxb3 {[%clk 0:18:05]} 30. Rxb3 {[%clk
0:56:00]} Rxc2 {[%clk 0:18:13]} 31. Rxd4 {[%clk 0:56:15]} Ra8 {[%clk 0:17:31]}
32. h4 {[%clk 0:54:55]} Kh7 {[%clk 0:09:44]} 33. Rd7 {[%clk 0:54:36]} Ra2
{[%clk 0:10:05]} 34. Rxf7 {[%clk 0:54:59]} Raxb2 {[%clk 0:10:32]} 35. Rxb2
{[%clk 0:55:17]} Rxb2 {[%clk 0:08:29]} 36. Kh2 {[%clk 0:55:36]} Re2 {[%clk
0:08:41]} 37. Rd7 {[%clk 0:55:28]} Re3 {[%clk 0:08:08]} 38. Rd8 {[%clk
0:53:43]} e5 {[%clk 0:08:29]} 39. fxe5 {[%clk 0:52:27]} Rxe5 {[%clk 0:04:48]}
40. d4 {[%clk 0:52:06]} Rh5 41. g3 {[%clk 1:21:53]} Ra5 {[%clk 0:27:59]} 42.
Kh3 {[%clk 1:21:10]} Ra1 {[%clk 0:24:17]} 43. Kg4 Rf1 44. d5 {[%clk 1:21:03]}
Rf5 {[%clk 0:24:26]} 45. d6 {[%clk 1:21:07]} Rf6 46. Kh3 {[%clk 1:19:12]} Re6
{[%clk 0:23:37]} 47. Kg2 g5 {[%clk 0:19:03]} 48. h5 {[%clk 1:19:49]} g4 {[%clk
0:13:55]} 49. Kf2 {[%clk 1:19:58]} Re5 {[%clk 0:13:26]} 50. d7 {[%clk 1:20:17]}
Rd5 {[%clk 0:13:43]} 51. Ke3 {[%clk 1:20:42]} g6 {[%clk 0:09:57]} 52. hxg6+
{[%clk 1:20:44]} Kg7 {[%clk 0:10:18]} 53. Kf4 {[%clk 1:21:00]} Rd4+ {[%clk
0:09:53]} 54. Kg5 {[%clk 1:21:25]} Rd6 {[%clk 0:09:38]} 55. Kf5 {[%clk
1:21:49]} Rd1 {[%clk 0:08:42]} 56. Kxg4 {[%clk 1:22:10]} Rd2 {[%clk 0:08:59]}
57. Kf5 {[%clk 1:18:05]} Rf2+ {[%clk 0:08:27]} 58. Kg4 {[%clk 1:16:19]} Rd2
{[%clk 0:08:55]} 59. Kh4 {[%clk 1:15:04]} Rd1 {[%clk 0:08:42]} 60. Kg5 {[%clk
1:14:21]} Rd5+ {[%clk 0:08:55]} 61. Kf4 {[%clk 1:14:39]} Rd1 {[%clk 0:09:11]}
62. Kf5 {[%clk 1:14:53]} Rf1+ {[%clk 0:09:16]} 63. Kg5 {[%clk 1:15:16]} Rd1
{[%clk 0:09:40]} 64. Re8 {[%clk 1:15:37]} Rxd7 {[%clk 0:10:02]} 65. Re5 {[%clk
1:15:59]} Ra7 {[%clk 0:08:28]} 66. Rf5 {[%clk 1:13:48]} Ra1 {[%clk 0:07:23]}
67. g4 {[%clk 1:13:36]} Rb1 {[%clk 0:06:42]} 68. Rf7+ {[%clk 1:13:16]} Kg8
{[%clk 0:07:10]} 69. Re7 {[%clk 1:13:35]} Ra1 {[%clk 0:06:30]} 70. Kh6 {[%clk
1:12:20]} Rh1+ {[%clk 0:06:52]} 71. Kg5 {[%clk 1:12:46]} Ra1 {[%clk 0:07:14]}
72. g7 {[%clk 1:11:07]} Ra5+ {[%clk 0:07:14]} 73. Kf6 {[%clk 1:11:17]} Ra6+
{[%clk 0:07:30]} 74. Re6 {[%clk 1:11:25]} Rxe6+ {[%clk 0:07:47]} 75. Kxe6
{[%clk 1:11:50]} Kxg7 {[%clk 0:08:11]} 76. Ke5 {[%clk 1:12:14]} Kg6 {[%clk
0:08:32]} 77. Kf4 {[%clk 1:12:39]} Kf6 {[%clk 0:08:55]} 1/2-1/2

[Event "DEM U18 2021"]
[Site "Willingen GER"]
[Date "2021.08.26"]
[Round "6"]
[White "Knüdel, Torben"]
[Black "Kolb, Tobias"]
[Result "1/2-1/2"]
[Termination "normal"]
[Board "3"]
[BlackTitle "FM"]
[WhiteElo "2171"]
[BlackElo "2307"]
[WhiteClock "00:08:34"]
[BlackClock "00:33:00"]
[PlyCount "88"]
[WhiteFideId "16208820"]
[BlackFideId "12992321"]
[EventCountry "GER"]
[EventRounds "9"]
[EventType "swiss"]
[EventDate "2021.08.22"]

1. e4 {[%clk 1:30:56]} c6 {[%clk 1:30:57]} 2. d4 {[%clk 1:31:23]} d5 {[%clk
1:31:25]} 3. f3 {[%clk 1:31:50]} e6 {[%clk 1:31:45]} 4. Be3 {[%clk 1:32:13]}
Nf6 {[%clk 1:30:08]} 5. e5 {[%clk 1:32:24]} Nfd7 {[%clk 1:29:53]} 6. f4 {[%clk
1:31:27]} c5 {[%clk 1:25:42]} 7. c3 {[%clk 1:31:38]} Nc6 {[%clk 1:22:26]} 8.
Nf3 {[%clk 1:31:54]} Be7 {[%clk 1:17:10]} 9. Bd3 {[%clk 1:23:13]} cxd4 {[%clk
1:02:29]} 10. cxd4 {[%clk 1:22:37]} f5 {[%clk 1:02:44]} 11. Nc3 {[%clk
1:18:54]} Nb6 {[%clk 1:00:13]} 12. O-O {[%clk 0:58:12]} Bd7 {[%clk 0:45:40]}
13. Nd2 {[%clk 0:36:01]} h5 {[%clk 0:38:59]} 14. Qf3 {[%clk 0:30:31]} Kf7
{[%clk 0:34:43]} 15. Rac1 {[%clk 0:23:17]} Rc8 {[%clk 0:33:04]} 16. a3 {[%clk
0:19:29]} Na5 {[%clk 0:31:01]} 17. Nb5 {[%clk 0:19:23]} Bxb5 {[%clk 0:17:03]}
18. Bxb5 {[%clk 0:19:42]} a6 {[%clk 0:17:32]} 19. Bd3 {[%clk 0:18:55]} Qd7
{[%clk 0:18:00]} 20. Rxc8 {[%clk 0:18:27]} Qxc8 {[%clk 0:18:23]} 21. b4 {[%clk
0:17:11]} Nac4 {[%clk 0:18:47]} 22. Rc1 {[%clk 0:17:22]} Nxe5 {[%clk 0:10:44]}
23. Qf1 {[%clk 0:17:46]} Nc6 {[%clk 0:11:12]} 24. Nf3 {[%clk 0:18:11]} Bf6
{[%clk 0:10:42]} 25. Bf2 {[%clk 0:14:12]} Qb8 {[%clk 0:09:54]} 26. Ne5+ {[%clk
0:11:50]} Bxe5 {[%clk 0:10:09]} 27. dxe5 {[%clk 0:12:19]} Nc4 {[%clk 0:08:59]}
28. Bxc4 {[%clk 0:12:43]} dxc4 {[%clk 0:09:27]} 29. Qxc4 {[%clk 0:13:05]} Rc8
{[%clk 0:08:42]} 30. Qe2 {[%clk 0:12:44]} g6 {[%clk 0:09:11]} 31. Bc5 {[%clk
0:10:56]} b6 {[%clk 0:09:38]} 32. Be3 {[%clk 0:05:11]} Qb7 {[%clk 0:02:11]} 33.
Qf2 {[%clk 0:04:14]} Ne7 {[%clk 0:02:12]} 34. Rxc8 {[%clk 0:04:42]} Nxc8 {[%clk
0:02:38]} 35. h3 {[%clk 0:04:41]} Qc7 {[%clk 0:02:29]} 36. Qh4 {[%clk 0:04:41]}
Qe7 {[%clk 0:02:58]} 37. Qf2 {[%clk 0:05:04]} Qc7 {[%clk 0:03:23]} 38. Kh2
{[%clk 0:03:41]} Qd8 {[%clk 0:03:46]} 39. Qf3 {[%clk 0:03:52]} Qc7 {[%clk
0:03:33]} 40. Qf2 {[%clk 0:03:35]} Qb7 {[%clk 0:02:02]} 41. Qh4 {[%clk
0:03:01]} Qe7 {[%clk 0:02:22]} 42. Qf2 {[%clk 0:30:16]} Qb7 {[%clk 0:32:33]}
43. Qh4 {[%clk 0:21:33]} Qe7 {[%clk 0:33:00]} 44. Qf2 {[%clk 0:08:34]} Qb7
1/2-1/2

[Event "DEM U18 2021"]
[Site "Willingen GER"]
[Date "2021.08.26"]
[Round "6"]
[White "Fromm, Marius"]
[Black "Weishäutel, Moritz"]
[Result "1/2-1/2"]
[Termination "normal"]
[Board "4"]
[WhiteTitle "FM"]
[WhiteElo "2342"]
[BlackElo "2270"]
[WhiteClock "00:23:19"]
[BlackClock "00:20:45"]
[PlyCount "93"]
[WhiteFideId "12993190"]
[BlackFideId "12967300"]
[EventCountry "GER"]
[EventRounds "9"]
[EventType "swiss"]
[EventDate "2021.08.22"]

1. e4 {[%clk 1:30:57]} c5 {[%clk 1:30:57]} 2. Nf3 {[%clk 1:31:24]} e6 {[%clk
1:31:22]} 3. d4 {[%clk 1:31:51]} cxd4 {[%clk 1:31:47]} 4. Nxd4 {[%clk 1:32:17]}
Nf6 {[%clk 1:32:11]} 5. Nc3 {[%clk 1:32:34]} Nc6 {[%clk 1:32:37]} 6. Nxc6
{[%clk 1:32:26]} bxc6 {[%clk 1:33:03]} 7. e5 {[%clk 1:32:44]} Nd5 {[%clk
1:33:29]} 8. Ne4 {[%clk 1:33:07]} Bb7 {[%clk 1:33:53]} 9. c4 {[%clk 1:25:21]}
Nb4 {[%clk 1:34:02]} 10. Be2 {[%clk 1:24:17]} Qa5 {[%clk 1:25:56]} 11. Nd6+
{[%clk 0:57:16]} Bxd6 {[%clk 1:26:05]} 12. Qxd6 {[%clk 0:57:42]} Nd3+ {[%clk
1:19:39]} 13. Kd1 {[%clk 0:58:08]} Nxf2+ {[%clk 1:19:16]} 14. Kc2 {[%clk
0:58:34]} Nxh1 {[%clk 1:06:28]} 15. Bg5 {[%clk 0:29:51]} f6 {[%clk 1:06:28]}
16. exf6 {[%clk 0:29:55]} Qf5+ {[%clk 1:02:53]} 17. Bd3 {[%clk 0:30:22]} Qf2+
{[%clk 1:03:13]} 18. Bd2 {[%clk 0:30:32]} Qxf6 {[%clk 0:54:32]} 19. Rxh1 {[%clk
0:28:03]} Qe7 {[%clk 0:51:22]} 20. Bb4 {[%clk 0:27:41]} c5 {[%clk 0:48:05]} 21.
Bxc5 {[%clk 0:27:47]} Qxd6 {[%clk 0:48:25]} 22. Bxd6 {[%clk 0:28:15]} Rc8
{[%clk 0:43:25]} 23. b4 {[%clk 0:26:37]} g6 {[%clk 0:39:12]} 24. Rg1 {[%clk
0:25:45]} Rg8 {[%clk 0:37:52]} 25. g4 {[%clk 0:24:29]} Rg7 {[%clk 0:35:53]} 26.
h4 {[%clk 0:22:27]} Rf7 {[%clk 0:33:47]} 27. Kc3 {[%clk 0:20:25]} Rf2 {[%clk
0:26:54]} 28. a4 Kf7 29. g5 {[%clk 0:14:28]} Bf3 {[%clk 0:22:49]} 30. Bg3
{[%clk 0:10:01]} Rg2 {[%clk 0:22:51]} 31. Rxg2 {[%clk 0:10:28]} Bxg2 {[%clk
0:23:15]} 32. Kd4 {[%clk 0:10:12]} e5+ {[%clk 0:15:09]} 33. Bxe5 {[%clk
0:10:37]} Ke6 {[%clk 0:15:33]} 34. c5 {[%clk 0:09:27]} Rf8 {[%clk 0:15:35]} 35.
Bf6 {[%clk 0:07:45]} d6 {[%clk 0:13:42]} 36. Bc4+ {[%clk 0:06:54]} Kd7 {[%clk
0:14:07]} 37. cxd6 {[%clk 0:03:56]} Kxd6 {[%clk 0:14:24]} 38. Be5+ {[%clk
0:04:10]} Kd7 {[%clk 0:14:00]} 39. b5 {[%clk 0:04:03]} Bh3 {[%clk 0:10:23]} 40.
Bd5 {[%clk 0:03:02]} Rf1 {[%clk 0:07:39]} 41. Bc6+ {[%clk 0:29:53]} Kc8 {[%clk
0:34:27]} 42. Kc5 {[%clk 0:26:30]} Rc1+ {[%clk 0:28:31]} 43. Kd6 {[%clk
0:25:03]} a6 {[%clk 0:20:34]} 44. b6 {[%clk 0:23:00]} Rxc6+ {[%clk 0:19:52]}
45. Kxc6 {[%clk 0:23:02]} Bd7+ {[%clk 0:20:19]} 46. Kd6 {[%clk 0:23:14]} Bxa4
{[%clk 0:20:45]} 47. Bc3 {[%clk 0:23:19]} 1/2-1/2